| 000 | 00672nam a2200217 a 4500 | ||
|---|---|---|---|
| 001 | 18827 | ||
| 003 | CO-ViMGA | ||
| 008 | 141112s2004 ck r 000 u spa d | ||
| 020 | _a8472900797 | ||
| 040 |
_aCO-ViMGA _bspa _cCO-ViMGA |
||
| 082 | 0 | 4 | _a297 A981 |
| 100 | 1 |
_aAyubi, Nazih _926864 |
|
| 245 | 1 | 0 |
_aEl Islam político : _bteorías, tradición y rupturas |
| 260 |
_aBarcelona : _bEdiciones Bellaterra; 2000 |
||
| 300 | _a378 p. | ||
| 490 | _aBiblioteca del islam contemporaneo; 3 | ||
| 590 | _aForma de adquisición : Premio Min - cultura | ||
| 650 | 1 | 4 |
_aISLAMISMO - ASPECTOS POLITICOS _926865 |
| 650 | 1 | 4 |
_aISLAMISMO - ASPECTOS SOCIALES _926866 |
| 942 |
_2ddc _cBK |
||
| 999 |
_c28056 _d28056 |
||